Wie gut kennst du die Formel 1? (15 Fragen) - Statistiken

Allgemein
  • Dieses Quiz wurde 286 mal gespielt
  • Das Durchschnittsergebnis liegt bei 13 aus 15
Antwortstatistiken
Hint Antwort % Korrekt
Aktueller Red-Bull-Star und Weltmeister (seit 2021) Max Verstappen
99%
Team mit den meisten Konstrukteurstiteln Ferrari
98%
Italienischer Rennstall mit roter Lackierung Ferrari
98%
Britischer Fahrer mit 7 Weltmeistertiteln Lewis Hamilton
98%
Rekordweltmeister mit 7 Titeln Michael Schumacher
97%
Land mit dem Grand Prix in Spa Belgien
93%
Team, das früher "Brawn GP" hieß Mercedes
93%
Formel-1-Safety-Car-Hersteller (meistens) Mercedes
93%
Längste F1-Rennstrecke aktuell (seit 2021) Spa-Francorchamps
93%
Fahrer mit tödlichem Unfall in Imola 1994 Ayrton Senna
92%
Red-Bull-Teamchef Christian Horner
86%
Brite, der 2009 mit Brawn GP Weltmeister wurde Jenson Button
80%
Australischer GP-Stadtname Melbourne
79%
Formel-1-Rennstrecke in Monaco Monte Carlo
62%
Erster F1-Weltmeister (1950) Giuseppe Farina
59%
Keine übereinstimmenden Quizze gefunden
Verteilung der Resultate
Anzahl Personen mit jedem Resultat
Perzentil nach korrekt beantworteten Fragen
Ihre Resultats-Entwicklung
Sie haben dieses Quiz noch nicht gespielt